00000000nam##2200000za#4500
0019.534330
003CaOODSP
00520200401033719
007ta
008150406|2001||||xxc|||||     f|0| 0 eng|d
020 |a0-660-61449-9
040 |aCaOODSP|beng
041 |aeng
041 |afre
043 |an-cn---
0861 |aBT31-2/2002-III-4
1101 |aCanada. |bTreasury Board.
24510|aCanadian Radio-television and Telecommunications Commission
260 |aOttawa - Ontario : |bTreasury Board of Canada Secretariat |c2001.
300 |aEnglish text, 37p. : |borganization chart, tables ; |c28 cm.
4901 |a2001-2002 estimates, part III: report on plans and priorities
546 |aBilingual
563 |aSoftcover
590 |a01-14|b2001-04-06
69007|aEstimates|2gcpds
7760#|tCanadian Radio-television and Telecommunications Commission, 2001-2002 estimates. Part III, Report on plans and priorities |w(CaOODSP)9.568452
7760#|tConseil de la radiodiffusion et des télécommunications canadiennes, budget des dépenses 2001-2002. Partie III, Rapport sur les plans et les priorités |w(CaOODSP)9.599730
792 |tConseil de la radiodiffusion et des télécommunications canadiennes |efre|w(CaOODSP)9.534331
830#0|a2001-2002 estimates, part III: report on plans and priorities.|w(CaOODSP)9.508966